00429nam a22001337a 4500003000400000008004100004020001800045082001600063245006500079260005300144300001500197650004100212650004200253OSt260605b |||||||| |||| 00| 0 eng d a9789395700474 a631.5bM49S aSasya Vigyan Sidhant Evam Paddhtiyan/bby Meena, Ram Narayan aDelhi: bSatish Serial Publishing House, c2024. axi, 537 p. aAgriculture and related technologies aCultivation and harvesting / Agronomy